书目信息 |
| 题名: |
英语正音绝招
|
|
| 作者: | 曹首光 编著 | |
| 分册: | ||
| 出版信息: | 北京 国防工业出版社 2006.01 |
|
| 页数: | 149页 | |
| 开本: | 20cm | |
| 丛书名: | ||
| 单 册: | ||
| 中图分类: | H311 | |
| 科图分类: | ||
| 主题词: | 英语--ying yu--正音法 | |
| 电子资源: | ||
| ISBN: | 7-118-04156-4 | |
| 000 | 00787nam0 2200229 450 | |
| 001 | 012006181828 | |
| 005 | 20060913092557.57 | |
| 010 | @a7-118-04156-4@dCNY15.00 (含光盘) | |
| 100 | @a20060619d2006 km y0chiy0120 ea | |
| 101 | 0 | @achi |
| 102 | @aCN@b110000 | |
| 105 | @aa a 000yy | |
| 200 | 1 | @a英语正音绝招@Aying yu zheng yin jue zhao@f曹首光编著@Fcao shou guang bian zhu |
| 210 | @a北京@c国防工业出版社@d2006.01 | |
| 215 | @a149页@c图@d20cm@e光盘1片 | |
| 320 | @a有书目 (第148页)。 | |
| 330 | @a本书采用主观体验和英汉对比的方式讲解英语语音学习方法与技巧。全书共分九课,分别介绍了元音、辅音、双元音、重音、语调等。 | |
| 606 | 0 | @a英语@Aying yu@x正音法 |
| 690 | @aH311@v4 | |
| 701 | 0 | @a曹首光@Acao shou guang@4编著 |
| 801 | 0 | @aCN@bQSSK@c20060913 |
| 905 | @a10447@dH311@eC141 | |
| 英语正音绝招/曹首光编著.-北京:国防工业出版社,2006.01 |
| 149页:图;20cm+光盘1片 |
| ISBN 7-118-04156-4:CNY15.00 (含光盘) |
| 本书采用主观体验和英汉对比的方式讲解英语语音学习方法与技巧。全书共分九课,分别介绍了元音、辅音、双元音、重音、语调等。 |
| ● |
| 相关链接 |
|
|
|
正题名:英语正音绝招
索取号:H311/C141
 
预约/预借
| 序号 | 登录号 | 条形码 | 馆藏地/架位号 | 状态 | 备注 |
| 1 | 589304 | 205893041 | 语言库209/209语言库 101排5列5层/ [索取号:H311/C141] | 在馆 | |
| 2 | 589305 | 205893050 | 语言库209/ [索取号:H311/C141] | 在馆 | |
| 3 | 589306 | 205893069 | 语言库209/209语言库 101排5列5层/ [索取号:H311/C141] | 在馆 |